1331 1323 1715 1765 1647 1906 1665 1792 1298 1011 1862 1463 1262 1294 1334 1577 1015 1965 1801 1856 1853 1463 1343 1260 1328 1729 1900 1836 1693 1629 1709 1691 1105 1454 1385 1354 1070 1755 1072 1056 1287 1590 1976 1349 1556 1694 1184 1989 1041 1196 1752 1665 1367 1237 1435 1841 1077 1910 1857 1721 1237 1678 1800 1711 1108 1268 1457 1683 1352 1264 1212 1510 1535 1342 1678 1804 1478 1337 1147 1118 1956 1115 1319 1237 1718 1459 1606 1220 1388 1532 1626 1982 1818 1381 1367 1221 1887 1735 1135 BCNSPRNW ULIB Ver.6.0+V

เปลี่ยนเป็นภาษาไทย

Change to English
 แสดงรายละเอียดบรรณานุกรม
  กลับหน้าหลัก

Brief Record : Get Marc (ISO 2709) : E-mail record : QR code < ปิดหน้าต่าง
LEADER : 00000nam 2200000uu 4500
001    13399109296
003     ULIB
008    110328s2544||||th 000 0 tha d
020    9742944458
060 04 WA546^bส622ศ 2544
245 00 ศูนย์สุขภาพชุมชน:หนทางสู่ระบบบริการที่พึงประสงค์ /^cสำเริง แหยงกระโทก ,รุจิรา มังคละศิริ,บรรณาธิการ
260    [นครราชสีมา :^bสำนักงานสาธารณสุขจังหวัดนครราชสีมา], 2544
300    220 หน้า.
650  7 ศูนย์สุขภาพชุมชน
700 0  สำเริง แหยงกระโทก,^eบรรณาธิการ
700 0  รุจิรา มังคละศิริ,^eบรรณาธิการ
710 2  สำนักงานสาธารณสุขจังหวัดนครราชสีมา
945    ^p0^l0^i015691
995    ทศพร
999 ^a ใช้งานได้ทุกระบบ
รายการนี้ยังไม่มีแท็ก
คุณยังไม่ได้ล็อกอิน คุณสามารถมีกิจกรรมร่วมกับเว็บไซต์ได้ แต่ต้องล็อกอินก่อน ::
  ล็อกอิน

รายการสื่อสารสนเทศ

ลำดับที่ ประเภท เลขเรียก/บาร์โค้ด สถานที่ สถานะ
- ไม่พบข้อมูล -

รายการใกล้เคียง
    หัวเรื่อง [ศูนย์สุขภาพชุมชน]

BibComment


ยังไม่เคยถูกคอมเมนท์

คอมเมนท์ทรัพยากรรายการนี้
  คอมเมนท์: ศูนย์สุขภาพชุมชนห..


 Copyright 2026. Bcnsprnw @Library